000 00283nam a22001337a 4500
008 170214b xxu||||| |||| 00| 0 eng d
020 _a0815147821
041 _aeng
080 _a61
100 _a4
101 _aSHM
245 _aCOLONSCOPY TECHNIQUES
_cHUNT, R.H
942 _2udc
_cBK
999 _c5436
_d5436